Minecraft Java Allgemeinwissen - Statistiken

Allgemein
  • Dieses Quiz wurde 2.659 mal gespielt
  • Das Durchschnittsergebnis liegt bei 13 aus 20
Antwortstatistiken
Hint Antwort % Korrekt
In welchem Biom spawnen die meisten Endermen? Das Ende
97%
Welches ist der wichtigste Block, um weitere Items zu craften? Werkbank
90%
Welches mit dem End verbundenen Monster wurde in der Vollversion 1.0 veröffentlicht? Enderdrache
87%
Welches Item wird normalerweise schnell unter sich platziert, um Fallschaden abzublocken? Wassereimer
82%
Welches Item benötigt man, um das Endportal zu aktivieren? Enderauge
81%
Wie heißt die Verzauberung, um mittels Erfahrung (XP) Werkzeuge und Rüstung zu reparieren? Reparatur
80%
Welches Item wird genutzt, damit man Pandas breeden kann? Bambus
76%
Mit welcher Taste auf der Tastatur wird standardmäßig die Perspektive gewechselt? F5
74%
Nenne ein Monster, das durch die Verzauberung Nemesis der Gliederfüßer mehr Schaden erhält. Spinne | Höhlenspinne | Silberfischchen | Biene | Endermilbe
73%
Welchen Effekt erhält man unter anderem, wenn man einen Pufferfisch isst? Vergiftung
73%
Für welches Item werden umgerechnet 31 Eisenbarren benötigt? Amboss
67%
Das Ei welchen Monsters kann man durch das Abpinseln von verdächtigem Sand erhalten? Schnüffler
58%
Welches Monster muss ein Frosch konsumieren, damit Froschlichter gedroppt werden? Magmawürfel
57%
Welcher Baum kann nur mit genau 4 Setzlingen wachsen? Schwarzeichenbaum
57%
Mit welchem Item kann man ein Netherportal neben dem Feuerzeug noch anzünden? Feuerkugel
51%
In welcher Struktur findet man das Silence Smithing Template (Stille-Rüstungsbesatz)? Antike Stätte
48%
Welcher Minecraft-Mythos wurde laut Entwickler schon in einigen Patches entfernt? Herobrine
47%
Welchen Trank kann man brauen, wenn man eine Ghastträne im Braustand benutzt? Regeneration
26%
Wie hieß das Update, indem unter anderem das Schwimmen vereinfacht und Korallen hinzugefügt wurden? Aquatic-Update
20%
Hoher Farn wird nicht gedroppt, wenn man diesen mit der Schere abbaut. Woher kann man hohen Farn als Item ansonsten erhalten? Taigadorf
13%
Keine übereinstimmenden Quizze gefunden
Verteilung der Resultate
Anzahl Personen mit jedem Resultat
Perzentil nach korrekt beantworteten Fragen
Ihre Resultats-Entwicklung
Sie haben dieses Quiz noch nicht gespielt